00765nam a2200241Ia 4500001000600000003000900006008004100015040001300056040001300069041001300082100001700095100002900112245003900141245004500180250001100225260000900236260002600245260004900271300005700320500009400377650002100471650003100492A4917IT-RoPAU130308s9999 xx 000 0 und d aIT-RoPAU cIT-RoPAU aITALIANO aAyfre Amedee gCodice Aut. SPICS: 9711 aCinema al servizio della pace (Il) bCattolici e Il Cinema Anni cinquanta (I) a1a ed. aROMA bEnte Dello Spettacolo c1990 [1° Ed.:1990 - Ed.Ling.Originale:1957] a"8 p. (prefazione: no ; testo: 8 [pagine: 213-220])" aDalla rivista del Cinematografo Aprile 1957. Contributo del Cinema Alla Causa della Pace. aSAGGI SUL CINEMA eCodice materia Spics: 6811